| 000 | 00680cam a2200253 4500 | ||
|---|---|---|---|
| 001 | M1377 | ||
| 008 | 090401t1993 xxu||||| |||| 00| 0 eng d | ||
| 035 | _a(Sirsi) u31475 | ||
| 041 | _aeng | ||
| 050 | _a693.5094 | ||
| 100 | _aMarsh, B.K. | ||
| 245 | _aEuropean concreting practice: a summary. | ||
| 260 |
_aGarston, Watford _bBuilding Research Establishment _c1993 |
||
| 300 | _a(4)p. ; 30cm. | ||
| 350 | _a0 | ||
| 490 |
_aBRE Information Paper _v6 |
||
| 650 | _aCONCRETE CONSTRUCTION | ||
| 650 | _aCONCRETE | ||
| 650 | _aEUROPE | ||
| 690 | _aBUILT ENVIRONMENT-BUILDING MATERIALS | ||
| 710 | _aBuilding Research Establishment | ||
| 942 | _n0 | ||
| 948 | _c04/03/1997 | ||
| 999 |
_c89600 _d89600 |
||